El Salvador insurgente (Registro nro. 10372)
[ vista simple ]
| 000 -CABECERA | |
|---|---|
| Longitud fija campo de control | 00751cam a22002415a 4500 |
| 001 - NÚMERO DE CONTROL | |
| Número de control | 18033062 |
| 003 - IDENTIFICADOR DELl NÚMERO DE CONTROL | |
| Identificador del número de control | OSt |
| 005 - FECHA Y HORA DE LA ÚLTIMA TRANSACCIÓN | |
| Fecha y hora de la última transacción | 20140524213002.0 |
| 008 - CÓDIGOS DE INFORMACIÓN DE LONGITUD FIJA | |
| Códigos de información de longitud fija | 140206s2012 es 000 0 spa |
| 020 ## - NÚMERO INTERNACIONAL NORMALIZADO PARA LIBROS | |
| Número Internacional Normalizado para Libros (ISBN) | 978-99923-21-86-7 |
| 040 ## - FUENTE DE LA CATALOGACIÓN | |
| Centro transcriptor | BMC |
| 082 ## - NÚMERO DE LA CLASIFICACIÓN DECIMAL DEWEY | |
| Númeroo de clasificación | 972.8403 |
| 082 ## - NÚMERO DE LA CLASIFICACIÓN DECIMAL DEWEY | |
| Númeroo de clasificación | 972.8 |
| 100 1# - PUNTO DE ACCESO PRINCIPAL-NOMBRE DE PERSONA | |
| 9 (RLIN) | 19340 |
| Nombre de persona | Ramírez A., César A. |
| 245 10 - MENCIÓN DE TÍTULO | |
| Título | El Salvador insurgente |
| Resto del título | : 1811-1821 Centroamérica |
| Mención de responsabilidad, etc. | César A. Ramírez A. |
| 250 ## - MENCIÓN DE EDICIÓN | |
| Mención de edición | 1ª ed |
| 260 ## - PUBLICACIÓN, DISTRIBUCIÓN, ETC. (PIE DE IMPRENTA) | |
| Lugar de publicación, distribución, etc. | San Salvador |
| Nombre del editor, distribuidor, etc. | Universidad Tecnológica de El Salvador |
| Fecha de publicación, distribución, etc. | 2012 |
| 300 ## - DESCRIPCIÓN FÍSICA | |
| Extensión | VIII, 473 p. |
| Dimensiones | 24 cm |
| 490 ## - MENCIÓN DE SERIE | |
| Mención de serie | Investigaciones / Universidad Tecnológica de El Salvador |
| 651 #4 - PUNTO DE ACCESO ADICIONAL DE MATERIA - NOMBRE GEOGRÁFICO | |
| 9 (RLIN) | 9232 |
| Nombre geográfico | América central |
| Subdivisión de materia general | Historia |
| 651 #4 - PUNTO DE ACCESO ADICIONAL DE MATERIA - NOMBRE GEOGRÁFICO | |
| 9 (RLIN) | 19352 |
| Nombre geográfico | El Salvador |
| Subdivisión de materia general | Historia |
| Subdivisión cronológica | 1811-1821 |
| 942 ## - ENTRADA DE ELEMENTOS AGREGADOS (KOHA) | |
| Fuente de clasificaión o esquema | Dewey Decimal Classification |
| Koha [por defecto] tipo de item | 1- Monografias |
| Suprimido | Perdido | Fuente de clasificación o esquema | Estropeado | Restricciones de uso | No para préstamo | Código de colección | Localización permanente | Localización actual | Localización en estanter&íacute;as | Fecha adquisición | Fuente de adquisición | Número de inventario | Préstamos totales | Signatura completa | Código de barras | Fecha última consulta | Coste, precio reemplazado | Fecha del precio de reemplazo | Tipo de item de Koha | Fecha último préstamo |
|---|---|---|---|---|---|---|---|---|---|---|---|---|---|---|---|---|---|---|---|---|
| NULL | NULL | Dewey Decimal Classification | NULL | Prestable | NULL | NULL | Biblioteca Miguel de Cervantes - UNICAES | Biblioteca Miguel de Cervantes - UNICAES | Sala Principal | 23/05/2014 | Donación - Romeo Tovar Astorga | 016443 | 972.8403 RAM els | 1016786 | 23/05/2014 | 24.00 | 23/05/2014 | 1- Monografias | ||
| NULL | NULL | Dewey Decimal Classification | NULL | Prestable | NULL | NULL | Biblioteca Miguel de Cervantes - UNICAES | Biblioteca Miguel de Cervantes - UNICAES | Sala Principal | 23/05/2014 | Donación - Romeo Tovar Astorga | 016444 | 972.8403 RAm els | 1016787 | 23/05/2014 | 24.00 | 23/05/2014 | 1- Monografias | ||
| NULL | NULL | Dewey Decimal Classification | NULL | Prestable | NULL | NULL | Biblioteca Miguel de Cervantes - UNICAES | Biblioteca Miguel de Cervantes - UNICAES | Sala Principal | 23/05/2014 | Donación - Romeo Tovar Astorga | 016445 | 1 | 972.8403 RAM els | 1016788 | 18/09/2017 | 24.00 | 23/05/2014 | 1- Monografias | 18/09/2017 |